Poker Hands - Sudden Death - Statistics

General Stats
  • This quiz has been taken 860 times
    735 since last reset
  • The average score is 9 of 15
Answers on the Grid
Answers color-coded by a green-red scale on the quiz's grid according to % correct below.
5-Card Carlotta
A Boat
A Set
A Swing
Broadway Straight
Colour Flush
Double Run
Dummy Hand
Flush
Four of a Kind
Full House
Gin Rummy
High Card
Low Card
Nibs
Pair
Paired Flush
Quads
Queen’s Colours
Royal Flush
Royal Pairs
Run of Colours
Spuds
Straight
Straight Flush
Swing Straight
Three of a Kind
Three Pair
Trips
Two Pair
 
Answer Stats
Answer % Correct
Flush
82%
High Card
75%
Four of a Kind
74%
Full House
73%
Royal Flush
69%
Pair
68%
Straight
66%
Three of a Kind
66%
Two Pair
65%
Straight Flush
63%
A Set
50%
Quads
42%
A Boat
40%
Trips
40%
Broadway Straight
33%
No matching quizzes found
Score Distribution
Percent of People with Each Score
Percentile by Number Answered
Your Score History
You have not taken this quiz since the last reset